Дело о выкупе земельных наделов временнообязанными крестьянами М.Н. Россет, урожденной Афросимовой, 2-ой части сельца Афросимовк...

Доступно только в Электронных читальных залах Найти на картеНа карте
RUSMARC
00004371nmc2a2200000 x 450
001a4be95c3-cd29-4427-a475-e17bfe9b9c7b
00520170920210952.0
100##$a20140402l18761876k l0rusy0189 ca
1010#$arus
102##$aRU
2001#$aДело о выкупе земельных наделов временнообязанными крестьянами М.Н. Россет, урожденной Афросимовой, 2-ой части сельца Афросимовки, селений Красного, Михайлова, Верховья (Красного Колодезя) Малоархангельского уезда Орловской губернии
$j10 мая - 19 октября 1876 г.
251##$cДело
300##$aДело
300##$aОриг. заголовок дела: Дело Россет М.Н., урожденной Афросимовой, Орловской губернии Малоархангельского уезда 2-ой части сельца Афросимовки, селений Красного, Михайлова, Верховья (Красного Колодезя). 10 мая 1876 г. - 19 октября 1876 г
801#0$aRU
$bРГИА
$c20140402
$gRCR
801#1$aRU
$bГлавНИВЦ
$c20140402
$2rusmarc
801#2$aRU
$bПБ им. Б.Н. Ельцина
$c20170920
$gRCR
$2rusmarc
850##$aРГИА
852##$aРГИА
$eФедеральное казенное учреждение "Российский государственный исторический архив" (РГИА)
$j2088
937##$hРГИА
$d11074016
$aASBIBLIO_SCAN
462#0$10012327ab3a-0548-404e-b4cb-e37355ac5039
$12001
$a1863-1889 гг.
$1251
$cОпись
$1852
$j26
461#0$10018ef30ad5-ff5c-4840-a721-74c62a200f95
$12001
$aГлавное выкупное учреждение Министерства финансов
$1251
$cФонд
$1852
$j577
215##$a38 л.
$d36,5х26 см
371##$aДокумент не является опубликованным и широко распространяемым
105##$ay###
1222#$ad
5171#$aДело Россет М.Н., урожденной Афросимовой, Орловской губернии Малоархангельского уезда 2-ой части сельца Афросимовки, селений Красного, Михайлова, Верховья (Красного Колодезя). 10 мая 1876 г. - 19 октября 1876 г.
035##$aa4be95c3-cd29-4427-a475-e17bfe9b9c7b
856##$uhttp://readingroom.main.prlib.ru/item.aspx?id_node=n105088861&mode=full
Формат отображения